| 000 | 00476nam a2200181Ia 4500 | ||
|---|---|---|---|
| 008 | 170918s9999 xx 000 0 und d | ||
| 020 | _a9789810900298 | ||
| 050 | _bP639 2014 | ||
| 100 | _aPilkey, Dav | ||
| 245 | _aCaptain underpants : | ||
| 245 | _band the tyrannical retaliation of the turbo toilet 2000 / | ||
| 245 | _cby Dav Pilkey. | ||
| 260 | _aNew York : | ||
| 260 | _bScholastic, | ||
| 260 | _c2014 | ||
| 300 | _a220 pages : | ||
| 300 | _eCaptain underpants. | ||
| 999 |
_c343767 _d343767 |
||